El CEPAM: una alternativa de abordaje integral de la violencia intrafamiliar en Panamá /

Saved in:
Bibliographic Details
Main Author: Chase, Nidia Elena
Format: Text
Subjects:
Tags: Add Tag
No Tags, Be the first to tag this record!

MARC

LEADER 00000 a a2200000 04500
001 9379
003
040
100 |a Chase, Nidia Elena  
245 |a El CEPAM:   |b una alternativa de abordaje integral de la violencia intrafamiliar en Panamá /  |c Nidia Elena Chase 
650 |a MUJERES  
650 |a VIOLENCIA  
650 |a DERECHOS HUMANOS  
650 |a FAMILIA  
650 |a ORGANIZACIONES NO GUBERNAMENTALES  
650 |a ESTADO  
773 |g número 417; páginas 74-81  
999 |c 25050  |d 25050